Más allá de la medianoche / (Record no. 143789)

MARC details
000 -LEADER
campo de control de longitud fija 01090nam a2200325 4500
001 - NÚMERO DE CONTROL
campo de control 143789
003 - IDENTIFICADOR DE NÚMERO DE CONTROL
campo de control SpMaBN
005 - FECHA Y HORA DE LA ÚLTIMA TRANSACCIÓN
campo de control 20240418143804.0
008 - DATOS DE LONGITUD FIJA--INFORMACIÓN GENERAL
campo de control de longitud fija 990930s1978 sp | ||| ||spa
016 7# - NÚMERO DE CONTROL DE UNA AGENCIA BIBLIOGRÁFICA NACIONAL
Número de control del registro bimoBNE19996155535
Fuente SpMaBN
017 ## - NÚMERO DE COPYRIGHT O DE DEPÓSITO LEGAL
Número de copyright o de depósito legal NA 694-1978
Agencia que asigna Oficina Depósito Legal Navarra
020 ## - NÚMERO INTERNACIONAL ESTÁNDAR DEL LIBRO
Número Internacional Estándar del Libro 8473860888
035 ## - NÚMERO DE CONTROL DEL SISTEMA
Número de control de sistema (OCoLC)432804632
040 ## - FUENTE DE CATALOGACIÓN
Centro catalogador/agencia de origen SpMaBN
Lengua de catalogación spa
Centro/agencia transcriptor SpMaBN
Normas de descripción rdc
Centro/agencia modificador ES-MaACL
080 ## - NÚMERO DE LA CLASIFICACIÓN DECIMAL UNIVERSAL
Número de la Clasificación Decimal Universal 820-31"19"
100 0# - ENTRADA PRINCIPAL--NOMBRE DE PERSONA
Nombre de persona Sheldon, Sidney
Fechas asociadas al nombre 1917-2007
Número de control del registro de autoridad o número normalizado XX970514
9 (RLIN) 227307
240 14 - TÍTULO UNIFORME
Título uniforme The other side of midnight
Lenguaje de la obra Español
245 10 - MENCIÓN DEL TÍTULO
Título Más allá de la medianoche /
Mención de responsabilidad, etc. Sidney Sheldon ; [traducción, Marta Isabel Gustavino]
260 ## - PUBLICACIÓN, DISTRIBUCIÓN, ETC.
Lugar de publicación, distribución, etc. Madrid :
Nombre del editor, distribuidor, etc. Ultramar,
Fecha de publicación, distribución, etc. 1978
300 ## - DESCRIPCIÓN FÍSICA
Extensión 347 p. ;
Dimensiones 18 cm
490 0# - MENCIÓN DE SERIE
Mención de serie Ultramar Bolsillo
Designación de volumen o secuencia 3
650 #7 - PUNTO DE ACCESO ADICIONAL DE MATERIA--TÉRMINO DE MATERIA
Término de materia o nombre geográfico como elemento de entrada Novela norteamericana
Fuente del encabezamiento o término
9 (RLIN) 146954
650 #0 - PUNTO DE ACCESO ADICIONAL DE MATERIA--TÉRMINO DE MATERIA
9 (RLIN) 227278
Término de materia o nombre geográfico como elemento de entrada Literatura norteamericana
Subdivisión cronológica S. XX
650 #7 - PUNTO DE ACCESO ADICIONAL DE MATERIA--TÉRMINO DE MATERIA
Término de materia o nombre geográfico como elemento de entrada Novelas
Fuente del encabezamiento o término embne
9 (RLIN) 233904
700 1# - ENTRADA AGREGADA--NOMBRE PERSONAL
Nombre de persona Guastavino, Marta I.
9 (RLIN) 60368
852 ## - LOCALIZACIÓN
Ubicación ES-MaACL
itemnumber 148985
Sublocalización o colección R.97723
Número de control de estantería A-8706
Ubicación en estantería Depósito 1
942 ## - ELEMENTOS DE ENTRADA SECUNDARIOS (KOHA)
Fuente del sistema de clasificación o colocación Clasificación decimal universal
Tipo de ítem Koha Libro impreso
Holdings
Estatus retirado Estado de pérdida Fuente del sistema de clasificación o colocación Estado de daño No para préstamo Biblioteca de origen Biblioteca actual Ubicación en estantería Fecha de adquisición Total de préstamos Signatura topográfica completa Código de barras Visto por última vez Precio de reemplazo Tipo de ítem Koha
    Clasificación decimal universal     Biblioteca del Ateneo de Madrid Biblioteca del Ateneo de Madrid Depósito 1 17/01/2008   A-8706 1149602 23/02/2023 23/02/2023 Libro impreso